| 000 | 00521nam a2200169Ia 4500 | ||
|---|---|---|---|
| 008 | 240729s9999 xx 000 0 und d | ||
| 022 | _a2327-2236 | ||
| 245 | 0 | _aJournal of Health Economics and Outcomes Research | |
| 260 | _aUnited States | ||
| 260 | _bColumbia Data Analytics, LLC | ||
| 650 | _a Computer applications to medicine. Medical informatics | ||
| 650 | _a Medicine (General) | ||
| 650 | _aMedicine | ||
| 856 | _uhttps://doaj.org/toc/abeaa9dd0f584a80952d43d0938a50c9 | ||
| 942 | _2ddc | ||
| 942 | _cDOAJEJ | ||
| 999 |
_c73269 _d73269 |
||
| 945 |
_a1 _bMadushi Gamage _c1 _dMadushi Gamage |
||